000 00580nam a2200217Ia 4500
003 OSt
005 20220924134956.0
006 a|||||r|||| 00| 0
007 ta
008 220923b |||||||| |||| 00| 0 ben d
024 _a288050
037 _cTextual
040 _aARTS
_cARTS
_bben
041 _2ben
_aben
082 _aDelta2y7MBI1, 157M7.3
100 _aGopinath - Kabiraj
_9209603
245 0 _aSri Sri bisuddhananda prosanga
260 _c1987
942 _hDelta2y7MBI1, 157M7.3
_cTEXL
_2CC
999 _c439290
_d439290